Cartagena de indias en el siglo xvi : contribucion a la conmemoracion del v centenario del /
Guardado en:
| Autor Principal: | |
|---|---|
| Formato: | Libro |
| Publicado: |
Sevilla :
Escuela De Estudios Hispanoamericanos,
1983
|
| Series: | Publicaciones, 288
|
| Materias: | |
| Etiquetas: |
Agregar Etiqueta
Sin Etiquetas, Sea el primero en etiquetar este registro!
|
| LEADER | 00632nam a22001695a 4500 | ||
|---|---|---|---|
| 001 | EHU.bham015287 | ||
| 003 | AR-BHAM | ||
| 005 | 20100408193006.0 | ||
| 008 | 130507s1983##################000#0#####d | ||
| 082 | 9 | 8 | |a 986.102 |
| 100 | 1 | |a Borrero Pla, Maria Del Carmen | |
| 245 | 1 | 0 | |a Cartagena de indias en el siglo xvi : |b contribucion a la conmemoracion del v centenario del / |c Maria Del Carmen Borrero Pla |
| 260 | |a Sevilla : |b Escuela De Estudios Hispanoamericanos, |c 1983 | ||
| 300 | |a 556p. | ||
| 490 | 0 | |a Publicaciones, 288 | |
| 653 | |a Historia de colombia-1550-1810 [colonia] | ||
| 859 | |a AR-BHAM |b BIB. HUMANIDADES - General |h 986.102 |i B646 |p 190.85 |t Ej.1 | ||
